Normal view
MARC view
- Home ownership
Entry Topical Term
001 - CONTROL NUMBER
- control field: 5596
003 - CONTROL NUMBER IDENTIFIER
- control field: NUST
005 - DATE AND TIME OF LATEST TRANSACTION
- control field: 20171024130038.0
008 - FIXED-LENGTH DATA ELEMENTS
- fixed length control field: 171024|| aca||aabn | a|a d
040 ## - CATALOGING SOURCE
- Original cataloging agency: NUST
- Transcribing agency: NUST
150 ## - HEADING--TOPICAL TERM
- Topical term or geographic name entry element: Home ownership
- Form subdivision: Fiction.
670 ## - SOURCE DATA FOUND
- Source citation: Work cat.: (NUST)0: Roberts, Nora. 4521, Midnight Bayou /, 2001.
